Quán triệt, vận dụng nghị quyết đại hội IX, Nâng cao chất lượng giảng dạy lý luận Mác - Lênin, tư tưởng Hồ Chí Minh
Tham luận đề cập đến nhiều vấn đề liên quan các môm lý luận về chủ nghĩa Hồ Chí Minh và tư tưởng Hồ Chí Minh giúp vận dụng Nghị quyết Đại hội IX và nâng cao các môn lý luận hiện nay
Gespeichert in:
| 1. Verfasser: | |
|---|---|
| Format: | Buch |
| Sprache: | Undetermined |
| Veröffentlicht: |
Hà Nội
Chính trị Quốc gia
2002
|
| Schlagworte: | |
| Tags: |
Tag hinzufügen
Keine Tags, Fügen Sie den ersten Tag hinzu!
|
| Thư viện lưu trữ: | Trung tâm Học liệu Trường Đại học Cần Thơ |
|---|
| LEADER | 01092nam a2200229Ia 4500 | ||
|---|---|---|---|
| 001 | CTU_224023 | ||
| 008 | 210402s9999 xx 000 0 und d | ||
| 020 | |c 23000 | ||
| 082 | |a 335.43 | ||
| 082 | |b H302 | ||
| 100 | |a Vũ, Văn Hiền | ||
| 245 | 0 | |a Quán triệt, vận dụng nghị quyết đại hội IX, Nâng cao chất lượng giảng dạy lý luận Mác - Lênin, tư tưởng Hồ Chí Minh | |
| 245 | 0 | |c Vũ Văn Hiền, Đinh Xuân Lý (chủ biên) | |
| 260 | |a Hà Nội | ||
| 260 | |b Chính trị Quốc gia | ||
| 260 | |c 2002 | ||
| 520 | |a Tham luận đề cập đến nhiều vấn đề liên quan các môm lý luận về chủ nghĩa Hồ Chí Minh và tư tưởng Hồ Chí Minh giúp vận dụng Nghị quyết Đại hội IX và nâng cao các môn lý luận hiện nay | ||
| 650 | |a Triết học Mác,Philosophy, Marxist | ||
| 650 | |x Giáo trình | ||
| 904 | |i Hải | ||
| 910 | |b dqhieu | ||
| 980 | |a Trung tâm Học liệu Trường Đại học Cần Thơ | ||